Cambridge vocabulary for first certificate with answers

Gespeichert in:
Bibliographische Detailangaben
Hauptverfasser: Thomas, Barbara (VerfasserIn), Matthews, Laura (VerfasserIn)
Format: Buch
Sprache:Englisch
Veröffentlicht: Cambridge Cambridge University Press 2007
Ausgabe:1a. ed
Schlagworte:
Tags: Tag hinzufügen
Keine Tags, Fügen Sie den ersten Tag hinzu!

MARC

LEADER 00000nam a2200000 a 4500
001 UCH0469
003 CL-VaPUC
008 090312e20070000UK |||||||||||||||||eng|d
020 |a 9780521697996 
082 0 4 |a 428.07  |b THO  |2 21 
100 0 |a Thomas, Barbara  |e author  |9 534643 
700 0 |a Matthews, Laura  |e author  |9 534644 
245 1 0 |a Cambridge vocabulary for first certificate with answers 
250 |a 1a. ed 
300 |a 137 p 
942 |c BK 
945 |d 20090312 00:00:00  |a rbrito 
260 |a Cambridge  |b Cambridge University Press  |c 2007 
650 0 |a Inglés  |9 260023 
650 0 |a Enseñanza del inglés  |9 367340 
650 0 |a Enseñanza de idiomas  |9 339820 
583 |a last modification  |c 20170823 05:13:42  |k Rodrigo Vera 
999 |c 332768  |d 332766 
952 |0 0  |1 0  |4 0  |6 428_070000000000000_THO_2007  |7 0  |8 A  |9 420685  |a BIBEDU  |b BIBEDU  |d 2019-11-22  |i 451422K  |o 428.07 THO 2007  |p 451422K  |r 2019-11-22  |w 2019-11-22  |y BK  |k LIT 
952 |0 0  |1 0  |4 0  |6 428_070000000000000_THO_2007  |7 0  |8 A  |9 420686  |a BIBEDU  |b BIBEDU  |d 2019-11-22  |i 4514238  |o 428.07 THO 2007  |p 4514238  |r 2019-11-22  |w 2019-11-22  |y BK  |k LIT